000 00668nam a2200229 a 4500
001 13936
003 BD-JhCC
005 20240516125853.0
008 171011s20042018bg |||| |||| 000 0 ben d
020 _a9844103649
035 _a(BD-JhCC) 13936
040 _aBD-JhCC
_dBD-JhCC
041 _abengali
082 _a891.443
_bSOF 2018
100 _aছফা, আহমদ
245 _aউপন্যাসসমগ্র /
_cআহমদ ছফা ।
260 _aঢাকা:
_bমাওলা ব্রাদর্স;
_c২০১৮.
300 _a৬৭১ পৃ.;
_c২২ সে.মি.
650 _aBengali Novel
942 _2ddc
_cBK
999 _c13936
_d13936